Computer Organization & EMBEDDED SYSTEMS (Record no. 18270)
[ view plain ]
| 000 -LEADER | |
|---|---|
| fixed length control field | 00434nam a2200169Ia 4500 |
| 008 - FIXED-LENGTH DATA ELEMENTS--GENERAL INFORMATION | |
| fixed length control field | 221030s9999 xx 000 0 und d |
| 020 ## - INTERNATIONAL STANDARD BOOK NUMBER | |
| ISBN | 9339218310 |
| 041 ## - LANGUAGE CODE | |
| Language code of text/sound track or separate title | |
| 100 ## - MAIN ENTRY--AUTHOR NAME | |
| Personal name | C. Hamacher |
| 245 #0 - TITLE STATEMENT | |
| Title | Computer Organization & EMBEDDED SYSTEMS |
| Statement of responsibility, etc | by C. Hamacher, Z. Vranesic |
| 250 ## - EDITION STATEMENT | |
| Edition statement | 6th |
| 260 ## - PUBLICATION, DISTRIBUTION, ETC. (IMPRINT) | |
| Name of publisher | McGraw - Hill Pub. |
| Place of publication | New Delhi |
| Year of publication | 2012 |
| 300 ## - PHYSICAL DESCRIPTION | |
| Number of Pages | 710 |
| 650 ## - SUBJECT ADDED ENTRY--TOPICAL TERM | |
| Topical Term | Civil |
| 700 ## - ADDED ENTRY--PERSONAL NAME | |
| Personal name | Z. Vranesic |
| 942 ## - ADDED ENTRY ELEMENTS (KOHA) | |
| Koha item type | Books |
| Accession Number | Cost, normal purchase price | Bill Date | Source of acquisition | Price effective from | Koha item type | Withdrawn / writtenoff status | Materials specified (bound volume or other part) | Damaged status | Not for loan | Permanent Location | Current Location | Shelving location | Date acquired | Lost/ Missing status | department |
|---|---|---|---|---|---|---|---|---|---|---|---|---|---|---|---|
| BE 15908 | 820.00 | 54 | RKB | 10/30/2022 | Books | Not For Loan | MIET Library, Jammu | MIET Library, Jammu | BL-Academic Block B, FL-2, CUP-156, SH-1, R-1 | 08/31/2019 | BE | ||||
| BE 15909 | 820.00 | 54 | RKB | 10/30/2022 | Books | MIET Library, Jammu | MIET Library, Jammu | BL-Academic Block B, FL-2, CUP-40, SH-1, R-1 | 08/31/2019 | BE | |||||
| BE 15910 | 820.00 | 54 | RKB | 10/30/2022 | Books | MIET Library, Jammu | MIET Library, Jammu | BL-Academic Block B, FL-2, CUP-40, SH-1, R-1 | 08/31/2019 | BE | |||||
| BE 15911 | 820.00 | 54 | RKB | 10/30/2022 | Books | MIET Library, Jammu | MIET Library, Jammu | BL-Academic Block B, FL-2, CUP-40, SH-1, R-1 | 08/31/2019 | BE | |||||
| BE 15912 | 820.00 | 54 | RKB | 10/30/2022 | Books | MIET Library, Jammu | MIET Library, Jammu | BL-Academic Block B, FL-2, CUP-40, SH-1, R-1 | 08/31/2019 | BE |